Nghiên cứu phương pháp tách Lignin từ mụn dừa để tạo hạt xử lý môi trường : Báo cáo tổng kết đề tài nghiên cứu Khoa học của sinh viên
Nghiên cứu phương pháp trích ly lignin từ mụn dừa, sau đó lignin được sử dụng để tạo hạt có khả năng xử lý môi trường.
Na minha lista:
| Autor principal: | |
|---|---|
| Formato: | Livro |
| Idioma: | Undetermined |
| Publicado em: |
Cần Thơ
Trường Đại học Cần Thơ
2017
|
| Assuntos: | |
| Tags: |
Adicionar Tag
Sem tags, seja o primeiro a adicionar uma tag!
|
| Thư viện lưu trữ: | Trung tâm Học liệu Trường Đại học Cần Thơ |
|---|
| LEADER | 01117nam a2200205Ia 4500 | ||
|---|---|---|---|
| 001 | CTU_223300 | ||
| 008 | 210402s9999 xx 000 0 und d | ||
| 082 | |a 660.63 | ||
| 082 | |b Th455 | ||
| 088 | |a TSV2016-09 | ||
| 100 | |a Trương, Hữu Thông | ||
| 245 | 0 | |a Nghiên cứu phương pháp tách Lignin từ mụn dừa để tạo hạt xử lý môi trường : | |
| 245 | 0 | |b Báo cáo tổng kết đề tài nghiên cứu Khoa học của sinh viên | |
| 245 | 0 | |c Trương Hữu Thông (Chủ nhiệm đề tài) ; Lương Huỳnh Vũ Thanh (Người hướng dẫn) ; Nguyễn Hữu Thành (Thành viên tham gia) | |
| 260 | |a Cần Thơ | ||
| 260 | |b Trường Đại học Cần Thơ | ||
| 260 | |c 2017 | ||
| 520 | |a Nghiên cứu phương pháp trích ly lignin từ mụn dừa, sau đó lignin được sử dụng để tạo hạt có khả năng xử lý môi trường. | ||
| 650 | |a Kỹ thuật hóa sinh,Biochemical engineering | ||
| 980 | |a Trung tâm Học liệu Trường Đại học Cần Thơ | ||